Southville International School and Colleges
Your cart is empty.
  • Cart
  • Lists
    Public lists Eva Luna New books Lux_list list_1
    Your lists Log in to create your own lists
  • Log in to your account
  • Your cookies
  • Search history
Southville International School and Colleges
  • Advanced search
  • Recent comments
  • Most popular
  • Libraries

Log in to your account

Log in with GOOGLE


If you do not have an external account, but do have a local account, you can still log in:

  1. Home
  2. MARC view: The process of composition /
Normal view MARC view ISBD view

The process of composition / (Record no. 9307)

[ view plain ]
MARC details
000 -LEADER
fixed length control field 00971cam a2200301 a 4500
001 - CONTROL NUMBER
control field 532661
003 - CONTROL NUMBER IDENTIFIER
control field OSt
005 - DATE AND TIME OF LATEST TRANSACTION
control field 20140310182107.0
008 - FIXED-LENGTH DATA ELEMENTS--GENERAL INFORMATION
fixed length control field 870527s1988 njua 001 0 eng
010 ## - LIBRARY OF CONGRESS CONTROL NUMBER
LC control number 87013938
020 ## - INTERNATIONAL STANDARD BOOK NUMBER
International Standard Book Number 0137230656 (pbk.)
040 ## - CATALOGING SOURCE
Original cataloging agency DLC
Transcribing agency DLC
Modifying agency DLC
050 00 - LIBRARY OF CONGRESS CALL NUMBER
Classification number PE 1413
Item number .R37 1988
082 00 - DEWEY DECIMAL CLASSIFICATION NUMBER
Classification number HS 808.042
Item number R27 1987
100 1# - MAIN ENTRY--PERSONAL NAME
Personal name Reid, Joy M.
9 (RLIN) 13158
245 14 - TITLE STATEMENT
Title The process of composition /
Statement of responsibility, etc Joy M. Reid.
250 ## - EDITION STATEMENT
Edition statement 2nd ed.
260 ## - PUBLICATION, DISTRIBUTION, ETC. (IMPRINT)
Place of publication, distribution, etc Englewood Cliffs, N.J. :
Name of publisher, distributor, etc Prentice-Hall,
Date of publication, distribution, etc c1988.
300 ## - PHYSICAL DESCRIPTION
Extent 236 p. :
Other physical details ill. ;
Dimensions 24 cm.
500 ## - GENERAL NOTE
General note Includes index.
650 #0 - SUBJECT ADDED ENTRY--TOPICAL TERM
Topical term or geographic name as entry element English language
General subdivision Study and teaching
-- Foreign speakers.
9 (RLIN) 13159
650 #0 - SUBJECT ADDED ENTRY--TOPICAL TERM
Topical term or geographic name as entry element English language
General subdivision Rhetoric
-- Study and teaching.
9 (RLIN) 13160
650 #0 - SUBJECT ADDED ENTRY--TOPICAL TERM
Topical term or geographic name as entry element Academic writing
General subdivision Study and teaching.
9 (RLIN) 13161
906 ## - LOCAL DATA ELEMENT F, LDF (RLIN)
a 7
b cbc
c orignew
d 1
e ocip
f 19
g y-gencatlg
942 ## - ADDED ENTRY ELEMENTS (KOHA)
Source of classification or shelving scheme Library of Congress Classification
Koha item type
Holdings
Withdrawn status Lost status Source of classification or shelving scheme Damaged status Home library Current library Shelving location Date acquired Total Checkouts Total Renewals Full call number Barcode Date last seen Date checked out Copy number Price effective from Koha item type
    Library of Congress Classification   Luxembourg Library Luxembourg Library High School Section 08/24/2013 1 1 PE 1413 .R37 1988 6603 03/17/2016 08/07/2014 1 08/24/2013 Books

The process of composition /

APA

Reid J. M., . (1988). The process of composition. Englewood Cliffs, N.J: Prentice-Hall.

Chicago

Reid Joy M, . 1988. The process of composition. Englewood Cliffs, N.J: Prentice-Hall.

Harvard

Reid J. M., . (1988). The process of composition. Englewood Cliffs, N.J: Prentice-Hall.

MLA

Reid Joy M, . The process of composition. Englewood Cliffs, N.J: Prentice-Hall. 1988.

  • Place hold
  • Print
  • Cite
  • Add to your cart (remove)
  • Save record
    BIBTEX Dublin Core MARCXML MARC (non-Unicode/MARC-8) MARC (Unicode/UTF-8) MARC (Unicode/UTF-8, Standard) MODS (XML) RIS
  • More searches
    Search for this title in:
    Other Libraries (WorldCat) Other Databases (Google Scholar) Online Stores (Bookfinder.com) Open Library (openlibrary.org)

Exporting to Dublin Core...

SOUTHVILLE LIBRARY

Southville International School and Colleges Library

1281 Tropical Ave. Cor. Luxembourg St., BF Homes International, Las Pinas City

Tel. No. 8256374 / 252358 Loc. 117/146

Powered by Koha